| 000 | 00480nam a22001937a 4500 | ||
|---|---|---|---|
| 003 | MPLRDC | ||
| 005 | 20220104191433.0 | ||
| 008 | 210129b ||||| |||| 00| 0 eng d | ||
| 020 | _a978-986-6141-42-3 | ||
| 082 | _a177.2 XZ | ||
| 100 | _a徐竹 | ||
| 245 |
_a享受吧!一个人的冒险 _c |
||
| 250 | _a一版 | ||
| 260 |
_a台湾 _b好的文化事业出版社 _c2012 |
||
| 300 | _b平 | ||
| 490 | _a内在小革命: 4 | ||
| 650 | _a成功法 | ||
| 942 |
_cBK _o177.2 XZ |
||
| 999 |
_c64249 _d64239 |
||